| 000 | 01047nam a22003377a 4500 | ||
|---|---|---|---|
| 001 | 0000160 | ||
| 003 | KOHA_MİRAKIL | ||
| 005 | 20260207001201.0 | ||
| 007 | ta | ||
| 008 | 081212b2004 tu |||gr||||#0|||0|tur | | ||
| 020 |
_a9755917039 _cYTL28,69 |
||
| 040 |
_aTR-BiSEU _btur _cTR-BiSEU _erda |
||
| 041 | 0 | _atur | |
| 044 | _ctu | ||
| 050 |
_aQA76.95 _b.C45 2004 |
||
| 100 | 1 | _aÇelik, Basri. | |
| 245 | 1 |
_aMaple ve maple ile matematik/ _cBasri Çelik ; Basri Çelik. |
|
| 264 | 1 |
_aAnkara : _bNobel Yayıncılık _c2004 |
|
| 300 | _a561 sayfa; 25 cm. | ||
| 336 |
_ametin _btxt _2rdacontent |
||
| 337 |
_aaracısız _bn _2rdamedia |
||
| 338 |
_acilt _bnc _2rdacarrier |
||
| 490 | 1 |
_aNobel yayın no ; _v718. |
|
| 490 | 1 |
_aMatematik yayınları dizi no ; _v54. |
|
| 650 | 0 |
_aMaple (Computer file). _91942 |
|
| 650 | 0 |
_aDifferential equations--Numerical solutions--Data processing. _91943 |
|
| 830 | 1 |
_aNobel yayın no ; _v718. _91940 |
|
| 830 | 1 |
_aMatematik yayınları dizi no ; _v54. _91944 |
|
| 907 | _aOkuma Kitabı | ||
| 942 |
_2lcc _cBK |
||
| 999 |
_c161 _d161 |
||